| 000 | 00783nmc a2200277 a 4500 | ||
|---|---|---|---|
| 003 | AR-BaBNM | ||
| 005 | 20251128205054.0 | ||
| 008 | 206019s1986 ||||||||||||||000 | spa|| | ||
| 020 | _a950-582-159-X | ||
| 040 | _cAR-BaBNM | ||
| 100 | 1 | _aKruse, Herman C. | |
| 245 | 1 | 0 | _aServicio social y educación |
| 260 |
_aBuenos Aires _bHumanitas _c1986 |
||
| 300 | 0 | _a59 p. | |
| 490 | 0 | _aDesarrollo social | |
| 504 | _aContiene bibliografía en notas a pie de página | ||
| 650 | 4 | _aSERVICIOS ESCOLARES | |
| 650 | 4 | _aSERVICIOS SOCIALES | |
| 650 | 4 | _aSERVICIOS DE ORIENTACION | |
| 650 | 4 | _aPERSONAL DE ORIENTACION | |
| 653 | 0 | _aORIENTACION EDUCATIVA | |
| 653 | 0 | _aGABINETES PSICOPEDAGOGICOS | |
| 800 | 1 |
_aSierra de Villaverde, Sela _edirector |
|
| 942 | _cBK | ||
| 998 | _cSILVI | ||
| 999 |
_c9869 _d9869 |
||